02319nam a22002897a 45000010005000000030006000050050017000110080041000280200018000690400029000870500015001160820010001311000018001412450087001592600058002463000049003044900042003535050008003955201372004035210029017755210020018046500051018246500057018756500033019327000031019657000033019968261FISKH20260226140250.0250905b cb ||||| |||| 00| 0 eng d a9780764137235 aFISKHbengcFISKHdFISKH aPE1157.M38 a428.1 aMarx, David F aCoach Bo will show you / cBy David F. Marx : Illustrated by Karen Stormer Brooks  aNew York : bBarron's Education Series, Inc., c2007. a24 pages : bcolor illustrations ;c23 cm .  aReader's Clubhouse v Level 3 Readers aH  aThis is Book 4 in the new Level 3 nine-book set of Reader's Clubhouse elementary readers. They are designed for both classroom use and home schooling in grades 1 and 2. Level 3 books are primarily intended for reading instruction following students' completion of Levels 1 and 2 readers in grades K and 1. Reader's Clubhouse titles on all levels emphasize the phonics method of teaching. Each Level 3 book focuses on just a few vowel sounds. Six of the Level 3 readers fall into the fiction category, and feature attractive color illustrations supplementing a wide range of story themes. Each title also suggests an activity related to the book's subject matter that is appropriate to the child's grade level. Nonfiction titles are photo illustrated in color. In addition to their main text for reading instruction, they present "Fun Facts" sidebars that will enrich children's reading experiences with interesting items of information. The nonfiction readers contain the basic elements of an adult's nonfiction book, including glossary and index. They also list two books and one web site where teachers, parents, and kids can find more information about each book's subject. All books present a letter addressed to parents and teachers which explains the fundamental phonics concepts that underlie the Reader's Clubhouse series. Book 4 teaches the oa and ow sounds.8 a400 bLexile estimate 8 aH bRaz-Plus  aEnglish Language- VowelsvJuvenile Literature  aEnglish Language-PronunciationvJuvenile Literature  aSportsvJuvenile Literature  aStutz, CaroleIllustrator  aGross, DeboraheIllustrator